000 00863cam a2200253 4500
001 ABS61440
008 000000n1999 000 0 eng u
035 _a(Sirsi) u101046
100 _aFlaxman, R.
245 _aKnow what to expect of your insurance broker
260 _c1999
490 _aCSM
_bChartered Surveyor Monthly
_v9(2) October 1999, 30-31(2)
520 _aAdvises surveyors on the best way to choose an insurance broker. Gives background details of insurance broking. Discusses assessment of risk, claims-cost and reputation.
590 _aABS
650 _aCOMMISSION
650 _aFEES
650 _aMANAGEMENT-BUSINESS MANAGEMENT
650 _aSERVICES FOR SURVEYORS
650 _aINSURANCE BROKERS
650 _aPROFESSIONAL INDEMNITY INSURANCE
650 _aPRACTICE MANAGEMENT
690 _aPROFESSIONAL PRACTICE
942 _n0
999 _c60290
_d60290